Las cárceles de Villa (Record no. 65707)

MARC details
000 -LEADER
campo de control de longitud fija 00751nam a2200205 i 4500
001 - NÚMERO DE CONTROL
campo de control 65707
003 - IDENTIFICADOR DE NÚMERO DE CONTROL
campo de control ES-MaACL
005 - FECHA Y HORA DE LA ÚLTIMA TRANSACCIÓN
campo de control 20230906165442.0
007 - CAMPO FIJO DE DESCRIPCIÓN FÍSICA--INFORMACIÓN GENERAL
campo de control de longitud fija t|
008 - DATOS DE LONGITUD FIJA--INFORMACIÓN GENERAL
campo de control de longitud fija 040120s1958 sp |||| | spa d
100 1# - ENTRADA PRINCIPAL--NOMBRE DE PERSONA
Nombre de persona Fuenmayor Gordón, Pablo de.
9 (RLIN) 52823
245 14 - MENCIÓN DEL TÍTULO
Título Las cárceles de Villa
Resto del título : notas para su estudio /
Mención de responsabilidad, etc. Pablo de Fuenmayor Gordón.
260 ## - PUBLICACIÓN, DISTRIBUCIÓN, ETC.
Lugar de publicación, distribución, etc. Madrid :
Nombre del editor, distribuidor, etc. Ayuntamiento de Madrid, Sección de Cultura,
Fecha de publicación, distribución, etc. 1958 (
Fabricante Artes Gráf. Municipales)
300 ## - DESCRIPCIÓN FÍSICA
Extensión 34 p. ;
Dimensiones 24 cm.
595 ## -
-- Tirada aparte de: Revista de la Biblioteca, Archivo y Museo, año 24, v. 69.
650 #4 - PUNTO DE ACCESO ADICIONAL DE MATERIA--TÉRMINO DE MATERIA
Término de materia o nombre geográfico como elemento de entrada Establecimientos penitenciarios-
Subdivisión geográfica Madrid.
9 (RLIN) 143330
710 1# - ENTRADA AGREGADA--NOMBRE DE ENTIDAD CORPORATIVA
Nombre de entidad corporativa o nombre de jurisdicción como elemento de entrada Madrid.
Unidad subordinada Ayuntamiento
9 (RLIN) 234069
852 ## - LOCALIZACIÓN
Ubicación ES-MaACL
Número de control de estantería 2001-F-3
Holdings
Estatus retirado Estado de pérdida Estado de daño No para préstamo Colección Biblioteca de origen Biblioteca actual Ubicación en estantería Fecha de adquisición Fuente de adquisición Total de préstamos Signatura topográfica completa Código de barras Visto por última vez Precio de reemplazo Tipo de ítem Koha
        Colección de folletos Biblioteca del Ateneo de Madrid Biblioteca del Ateneo de Madrid Depósito folletos 17/01/2008     2001-F-3 1068839 23/02/2023 23/02/2023 Folleto